| 000 | 00775nam a2200193Ii 4500 | ||
|---|---|---|---|
| 003 | JO-AjNU | ||
| 008 | 230605s9999||||xx |||||||||||||| ||und|| | ||
| 040 |
_aJO-AjNU _bara _erda _cJO-AjNU |
||
| 041 | _aara | ||
| 050 | 1 | 4 | _aDT95.5.I33 1973 |
| 100 | 3 |
_aالقرشي، إدريس عماد الدين؛ تحقيق وتقديم غالب، مصطفى, _eauthor _920988 |
|
| 245 | 0 | 0 | _aعيون الأخبار وفنون الآثار، الجزء الرابع |
| 264 | 3 | 1 | _aبيروت: دار الاندلس، 1973 |
| 300 |
_aج4، 436ص _bيشتمل على فهارس الاعلام من ص (405-435 ) |
||
| 336 |
_atext _btxt _2rdacontent |
||
| 337 |
_aunmediated _bn _2rdamedia |
||
| 338 |
_avolume _bnc _2rdacarrier |
||
| 650 | 4 |
_aالتراث الفاطمي-تاريخ _920989 |
|
| 999 |
_aA7216 _c10784 _d10784 |
||